Unique Starting South American Countries Quiz Stats

 Plays Quiz Updated Jan 1, 2018

Challenge
Share
Tweet
Embed
Score 0/6 Timer 01:00
15 Plays Today
% Correct
AArgentina
97%
UUruguay
96.3%
VVenezuela
95.7%
EEcuador
95.4%
SSuriname
87.6%
GGuyana
87.4%

You're not logged in!

Compare scores with friends on all Sporcle quizzes.
OR
Log In

You Might Also Like...

Show Comments

Extras

Top Quizzes Today


Score Distribution

Your Account Isn't Verified!

In order to create a playlist on Sporcle, you need to verify the email address you used during registration. Go to your Sporcle Settings to finish the process.

Report this User

Report this user for behavior that violates our Community Guidelines.

Details: